[Event "FRA-ch U14 Girls"]
[Site "Montlucon"]
[Date "2011.04.21"]
[Round "6"]
[White "Dusserre, Salome"]
[Black "Likhoded, Victoria"]
[Result "1-0"]
[WhiteElo "1560"]
[BlackElo "1671"]
[PlyCount "73"]
[EventDate "2011.04.17"]
[EventType "swiss"]
[EventRounds "9"]
[EventCountry "FRA"]
[SourceTitle "CBM 142 Extra"]
[Source "ChessBase"]
[SourceDate "2011.06.27"]
[SourceVersion "1"]
[SourceVersionDate "2011.06.27"]
[SourceQuality "1"]

1. e4 d6 2. d4 Nf6 3. Nc3 c6 4. a4 a5 5. g3 Nbd7 6. Bg2 e5 7. Nge2 Be7 8. 0-0 0-0 9. h3 Re8 10. Be3 Qc7 11. Qd2 Nf8 12. g4 Ne6 13. Rae1 h5 14. g5 Nh7 15. h4 f6 16. f4 exf4 17. Nxf4 fxg5 18. Nxe6 Bxe6 19. hxg5 Qd8 20. g6 Nf8 21. Qe2 Bg4 22. Qc4+ Kh8 23. Nd1 Bh4 24. Bf2 Nxg6 25. Qf7 Bxf2+ 26. Nxf2 Ne7 27. Nxg4 hxg4 28. Qh5+ Kg8 29. Qxg4 Qc8 30. Qh5 Rf8 31. Bh3 g6 32. Qh6 Nf5 33. exf5 gxf5 34. Re7 Rf7 35. Qg6+ Kh8 36. Rxf7 Qe8 37. Qh7# 1-0

[Event "FRA-ch U12 Girls"]
[Site "Aix les Bains"]
[Date "2009.04.20"]
[Round "2"]
[White "Dusserre, Salome"]
[Black "Malassagne, Isabelle"]
[Result "1/2-1/2"]
[WhiteElo "1280"]
[BlackElo "1500"]
[PlyCount "125"]
[EventDate "2009.04.19"]
[EventType "swiss"]
[EventRounds "9"]
[EventCountry "FRA"]
[SourceTitle "CBM 130 Extra"]
[Source "ChessBase"]
[SourceDate "2009.07.02"]
[SourceVersion "2"]
[SourceVersionDate "2009.07.15"]
[SourceQuality "1"]

1. e4 c5 2. Nf3 Nc6 3. d4 cxd4 4. Nxd4 g6 5. Nc3 Bg7 6. Be3 Nf6 7. Bb5 a6 8. Bd3 d6 9. Qd2 Ng4 10. h3 Nxe3 11. fxe3 Nxd4 12. exd4 Bxd4 13. Bb5+ axb5 14. Qxd4 0-0 15. Nxb5 Qa5+ 16. Nc3 Qg5 17. 0-0 Bxh3 18. Rf2 f5 19. exf5 Rxf5 20. Raf1 Rxf2 21. Rxf2 Qc1+ 22. Nd1 Qg5 23. Qb6 Rf8 24. Qb3+ Kg7 25. Qxh3 Rxf2 26. Nxf2 Qc1+ 27. Kh2 Qf4+ 28. Qg3 Qh6+ 29. Nh3 Qd2 30. Qb3 b6 31. c3 Qe3 32. a4 Qe5+ 33. Kg1 Qe1+ 34. Kh2 Qe5+ 35. g3 Qe2+ 36. Kh1 Qe4+ 37. Kg1 Qe1+ 38. Kg2 Qe4+ 39. Kf1 Qh1+ 40. Ng1 Qc6 41. Qb4 Qc7 42. Qd4+ e5 43. Qd5 Qf7+ 44. Qxf7+ Kxf7 45. Ke2 Ke6 46. Kd3 Kd5 47. c4+ Kc5 48. Kc3 h5 49. Nf3 e4 50. Ng1 d5 51. cxd5 Kxd5 52. b3 g5 53. Kd2 Kd4 54. Kc2 h4 55. gxh4 gxh4 56. Kd2 e3+ 57. Kc2 h3 58. Nxh3 e2 59. Kd2 e1Q+ 60. Kxe1 Kc3 61. Nf4 Kxb3 62. Nd5 Kxa4 63. Nxb6+ 1/2-1/2